LEADER 01188nam a2200313 a 4500 001 000000134315 003 CaOOAMICUS 005 20130611115558.0 008 130611s1995 it u000 u ita r 020 $a88-7018-266-5 040 $aPUL$bita 041 0 $aita$heng 245 00$aPalinsesto del cervello umano /$cHewlett ... [et al.] ; a cura di Ottavio Fatica. 260 $aGenova :$bIl Melangolo,$cİ1995. 300 $a245 p. ;$c21 cm 490 1 $aLecturae ;$v11 504 $aBibliografia in nota. 650 4$aLetteratura inglese.$0(OLS)http://pul/subject/25377 700 1 $aFatica, Ottavio.$0(OLS)http://pul/name/86538 700 1 $aHewlett, Maurice.$0(OLS)http://pul/name/86539 830 0$aLecturae ;$v11.$0(OLS)http://pul/title/99678 850 $aPUL 852 $aPUL$W1$xDP1 Fondo E. Rossi$y115$m1 P 5$j154433$qFondi$B153983$CPULBib$Z2$F153983 $82 941 1 $a1 961 $aSul dorso collocazione ms. di E. Rossi: P 1 2 996 $6020$a88-7018-266-5$9(OLS)http://pul/number/153018 996 $6245$aPalinsesto del cervello umano$9(OLS)http://pul/title/169845 996 $6260$aGenova :$bIl Melangolo$9(OLS)http://pul/publisher/48888 LEADER 01055nam a2200265 u 4500 001 000000077743 003 CaOOAMICUS 005 20070226123344.0 008 040226s1976 mau u000 u eng u 020 $a0674948378 035 $a10985445 040 $aPUL$bita 100 1 $aQuine, Willard Orman van,$d1908-2000.$0(OLS)http://pul/name/38815 245 14$aThe ways of paradox and other essays /$cW. V. Quine. 250 $aRev. and enl. ed. 260 $aCambridge :$bHarvard University Press,$c1976. 300 $ax, 335 p. ;$c21 cm 504 $a"References": p. [323]-328. 650 4$aFilosofia americana.$0(OLS)http://pul/subject/23908 850 $aPUL 852 $aPUL$W1$xSL Filosofia 1$y2$m96 N 7$j99810$nBK-PRI$b $qStampati$B99810$CPULBib$Z2$F99810 $HPUL92089 $81 941 1 $a8 996 $6020$a0674948378$9(OLS)http://pul/number/101953 996 $6245$aThe ways of paradox and other essays$9(OLS)http://pul/title/101939 996 $6260$aCambridge :$bHarvard University Press$9(OLS)http://pul/publisher/48184